[Event "1. OEsterreichische Internet Schach Meisterschaft - Vorrunde 1"]
[Site "Online - Playchess.com"]
[Date ""]
[Round "8"]
[Board "22"]
[White "Strodl, Joachim"]
[Black "Filek, Mattias"]
[Result "1-0"]
[WhiteElo "2137"]
[BlackElo "1932"]
[PlyCount "177"]
[EventDate "2020.04.11"]
[EventRounds "9"]
[EventCountry "AUT"]

1. d4 Nf6 2. Nf3 d5 3. g3 g6 4. Bg2 Bg7 5. O-O O-O 6. c4 c6 7. Qc2 Bf5 8. Qb3
Qc7 9. Bf4 Qd7 10. Ne5 Qc8 11. Nc3 dxc4 12. Qxc4 Be6 13. Qa4 Nd5 14. Nxd5 Bxd5
15. Bxd5 cxd5 16. Rac1 Qe6 17. Rc7 f6 18. Nf3 Nc6 19. Re1 g5 20. Be3 Rab8 21.
b4 Qd6 22. Rxc6 bxc6 23. a3 Qc7 24. Rc1 Rfc8 25. h4 gxh4 26. Nxh4 Qd7 27. Qc2
e6 28. Kg2 a6 29. Rh1 f5 30. Nf3 Rf8 31. Bf4 Rbc8 32. g4 Bh8 33. g5 Rf7 34. e3
Rcf8 35. Qd3 Qc8 36. Rh6 Bg7 37. Rh5 Bh8 38. Qc3 Qd7 39. Qc5 Re8 40. Be5 Qd8
41. Bxh8 Kxh8 42. Ne5 Rg7 43. f4 Qc7 44. Kf3 Rf8 45. Rh6 Qc8 46. Qxc6 Qxc6 47.
Nxc6 Re8 48. a4 Rc7 49. b5 axb5 50. axb5 Kg7 51. Rh1 Rb7 52. Rb1 Rc8 53. Ne5
Rcb8 54. Rc1 Rxb5 55. Rc7+ Kh8 56. g6 R5b7 57. Rc6 hxg6 58. Rxe6 Rg7 59. Nxg6+
Kh7 60. Nh4 Rc8 61. Nxf5 Rd7 62. Rh6+ Kg8 63. Rd6 Rxd6 64. Nxd6 Rd8 65. Nf5 Kf7
66. Ng3 Ke6 67. f5+ Kf6 68. Kf4 Re8 69. Nh5+ Kf7 70. Ng3 Kf6 71. Nh5+ Kf7 72.
Kf3 Re4 73. Nf4 Re8 74. Nxd5 Rd8 75. e4 Ra8 76. Kf4 Ra4 77. Ke5 Ra5 78. f6 Kg6
79. Ke6 Ra6+ 80. Ke5 Ra5 81. Kf4 Rxd5 82. exd5 Kxf6 83. Ke4 Kf7 84. Ke5 Ke7 85.
d6+ Kd8 86. Ke6 Ke8 87. d7+ Kd8 88. d5 Kc7 89. Ke7  1-0

[Event "1. OEsterreichische Internet Schach Meisterschaft - Vorrunde 1"]
[Site "Online - Playchess.com"]
[Date ""]
[Round "8"]
[Board "23"]
[White "Pilshofer, Paul"]
[Black "Maierhofer, Johann"]
[Result "1-0"]
[WhiteElo "1715"]
[BlackElo "2087"]
[PlyCount "69"]
[EventDate "2020.04.11"]
[EventRounds "9"]
[EventCountry "AUT"]

1. d4 c5 2. c3 e6 3. Nf3 d5 4. g3 f5 5. Bg2 Nf6 6. O-O Be7 7. Ne5 Bd7 8. Nd2
Bc6 9. b3 O-O 10. Bb2 Nbd7 11. Nxc6 bxc6 12. c4 Ne4 13. f3 Nxd2 14. Qxd2 cxd4
15. Bxd4 e5 16. Bf2 d4 17. f4 exf4 18. Bxc6 Rc8 19. Bd5+ Kh8 20. Bxd4 fxg3 21.
hxg3 Nb6 22. Bxb6 Qxb6+ 23. e3 Bc5 24. Rf3 Rce8 25. Kf2 Re5 26. Qd3 Rfe8 27.
Re1 Qh6 28. Kg2 Qg5 29. Qe2 h5 30. e4 Bd6 31. Rf4 fxe4 32. Rh1 Rf5 33. Rxf5
Qxf5 34. Rxh5+ Qxh5 35. Qxh5#  1-0

[Event "1. OEsterreichische Internet Schach Meisterschaft - Vorrunde 1"]
[Site "Online - Playchess.com"]
[Date ""]
[Round "8"]
[Board "24"]
[White "Kilgus, Georg"]
[Black "Neuschmied, Siegfried"]
[Result "0-1"]
[WhiteElo "2461"]
[BlackElo "2268"]
[PlyCount "138"]
[EventDate "2020.04.11"]
[EventRounds "9"]
[EventCountry "AUT"]

1. e4 d6 2. d4 Nf6 3. Nc3 g6 4. g3 Bg7 5. Bg2 c6 6. a4 a5 7. Nge2 O-O 8. O-O
Qc7 9. h3 Na6 10. Be3 Nb4 11. f4 Be6 12. b3 Rad8 13. Qd2 Bc8 14. g4 b6 15. Ng3
Ba6 16. Rfe1 c5 17. Nb5 Bxb5 18. axb5 cxd4 19. Bxd4 e5 20. Be3 exf4 21. Bxf4
Qxc2 22. Rab1 Qxd2 23. Bxd2 Nd7 24. Bf1 Nc5 25. Bc4 Nbd3 26. Rf1 Ne5 27. Bd5
Ned3 28. Bc4 Rde8 29. Kg2 Nb4 30. Rbe1 Ncd3 31. Rd1 Nb2 32. Bxb4 axb4 33. Rxd6
Nxc4 34. bxc4 b3 35. Rxb6 b2 36. Rb1 Ra8 37. Rd6 Ra1 38. Rdd1 Rfa8 39. b6 Rxb1
40. Rxb1 Be5 41. c5 Ra1 42. Rxb2 Bxb2 43. c6 Be5 44. c7 Rc1 45. Ne2 Rc2 46. Kf3
Bxc7 47. bxc7 Rxc7 48. Nf4 Rc3+ 49. Kg2 Kg7 50. Nd5 Rd3 51. h4 h6 52. g5 h5 53.
Nf6 Re3 54. Kh2 Kf8 55. Kg2 Kg7 56. Kh2 Ra3 57. Kg2 Kf8 58. Kh2 Ke7 59. Kg2 Ke6
60. Nd5 Ke5 61. Nf6 Kf4 62. Kh2 Ra2+ 63. Kh3 Ra3+ 64. Kh2 Kf3 65. Kh3 Ra1 66.
Kh2 Re1 67. Ne8 Rxe4 68. Nd6 Re2+ 69. Kg1 Kg4  0-1

[Event "1. OEsterreichische Internet Schach Meisterschaft - Vorrunde 1"]
[Site "Online - Playchess.com"]
[Date ""]
[Round "8"]
[Board "25"]
[White "Kwech, Andreas"]
[Black "Schneider-Zinner, Harald"]
[Result "0-1"]
[WhiteElo "1901"]
[BlackElo "2381"]
[PlyCount "80"]
[EventDate "2020.04.11"]
[EventRounds "9"]
[EventCountry "AUT"]

1. e4 e5 2. Nf3 d6 3. d4 exd4 4. Nxd4 Nf6 5. Nc3 Nc6 6. Nxc6 bxc6 7. Be2 Be7 8.
O-O O-O 9. h3 Re8 10. f4 Rb8 11. Bd3 Nd7 12. Qh5 g6 13. Qf3 Bf6 14. g4 Bg7 15.
Kh2 Bb7 16. Qf2 Nc5 17. Re1 Nxd3 18. cxd3 c5 19. Bd2 Ba6 20. Bc1 Bxd3 21. Qf3
c4 22. g5 Qd7 23. Nd5 Qd8 24. Nc3 c6 25. h4 Qd7 26. h5 d5 27. e5 d4 28. Ne4
Bxe4 29. Rxe4 d3 30. Qg2 Qd5 31. hxg6 hxg6 32. Rb1 Bf8 33. Bd2 Kg7 34. Bc3 Bb4
35. Bxb4 Rxb4 36. Ree1 Qe6 37. Kg3 Reb8 38. Rh1 c3 39. Qh2 Kf8 40. Qh6+ Ke7 {
Akwech gibt auf}  0-1

[Event "1. OEsterreichische Internet Schach Meisterschaft - Vorrunde 1"]
[Site "Online - Playchess.com"]
[Date ""]
[Round "8"]
[Board "26"]
[White "Morgunov, Marc"]
[Black "Schroettner, Martin"]
[Result "1-0"]
[WhiteElo "2341"]
[BlackElo "1934"]
[PlyCount "81"]
[EventDate "2020.04.11"]
[EventRounds "9"]
[EventCountry "AUT"]

1. e4 c6 2. Nc3 d5 3. Nf3 dxe4 4. Nxe4 Nf6 5. Qe2 Nxe4 6. Qxe4 Nd7 7. d4 Nf6 8.
Qh4 Bf5 9. c3 e6 10. Bc4 Be7 11. Qg3 Bg6 12. h4 Ne4 13. Qf4 Bd6 14. Qe3 h6 15.
Bd3 f5 16. Nd2 Nxd2 17. Qxe6+ Qe7 18. Qxe7+ Kxe7 19. Bxd2 Rhe8 20. O-O-O Kf7
21. h5 Bh7 22. Rde1 Kf6 23. c4 Bg8 24. Bc3 Kf7 25. Bxf5 Bf4+ 26. Kc2 Kf6 27.
Bg6 Rxe1 28. Rxe1 Bxc4 29. g3 Bd6 30. f4 Bd5 31. Re5 Rf8 32. a3 a6 33. Bb4 Bxb4
34. axb4 Rd8 35. Kd3 Ra8 36. g4 Be6 37. g5+ hxg5 38. fxg5+ Ke7 39. Bf5 Rf8 40.
Rxe6+ Kd8 41. Ke4  1-0

[Event "1. OEsterreichische Internet Schach Meisterschaft - Vorrunde 1"]
[Site "Online - Playchess.com"]
[Date ""]
[Round "8"]
[Board "27"]
[White "Hechl, Gerald"]
[Black "Meglitsch, Konstantin"]
[Result "1-0"]
[WhiteElo "2333"]
[BlackElo "2041"]
[PlyCount "107"]
[EventDate "2020.04.11"]
[EventRounds "9"]
[EventCountry "AUT"]

1. Nc3 Nf6 2. e4 d6 3. d4 g6 4. f4 Bg7 5. Nf3 O-O 6. a3 c5 7. dxc5 dxc5 8. Qxd8
Rxd8 9. e5 Nd5 10. Nxd5 Rxd5 11. Be3 b6 12. Bd3 Bb7 13. O-O-O Rd8 14. Bc4 Nc6
15. Ng5 e6 16. Rhe1 h6 17. Nf3 Na5 18. Be2 Rac8 19. b3 Bf8 20. Kb2 Nc6 21. g3
a5 22. Nd2 Nd4 23. Bxd4 cxd4 24. Nc4 Bc5 25. Rf1 Ra8 26. a4 Bc6 27. Bf3 Bxf3
28. Rxf3 b5 29. axb5 a4 30. Rfd3 a3+ 31. Ka2 Rdb8 32. Nd6 Rb6 33. Ne4 Rxb5 34.
Nxc5 Rxc5 35. R1d2 Rac8 36. Rxd4 Rxc2+ 37. Rxc2 Rxc2+ 38. Kxa3 Rxh2 39. b4 Rh1
40. b5 Ra1+ 41. Kb4 Rg1 42. Rd3 h5 43. b6 Rc1 44. b7 Rb1+ 45. Rb3 Rxb3+ 46.
Kxb3 Kg7 47. b8=Q h4 48. gxh4 g5 49. hxg5 f5 50. exf6+ Kg6 51. Qg8+ Kf5 52. f7
e5 53. f8=Q+ Kg4 54. Qe6+ {Konstantin gibt auf}  1-0

[Event "1. OEsterreichische Internet Schach Meisterschaft - Vorrunde 1"]
[Site "Online - Playchess.com"]
[Date ""]
[Round "8"]
[Board "28"]
[White "Brod, Manfred"]
[Black "Keim, Philipp"]
[Result "1-0"]
[WhiteElo "2211"]
[BlackElo "1919"]
[PlyCount "63"]
[EventDate "2020.04.11"]
[EventRounds "9"]
[EventCountry "AUT"]

1. e4 c6 2. d4 d5 3. Nc3 dxe4 4. Nxe4 Bf5 5. Ng3 Bg6 6. Bc4 e6 7. N1e2 Bd6 8.
h4 h6 9. Nf4 Bh7 10. Ngh5 Bxf4 11. Bxf4 Kf8 12. c3 Nf6 13. Be5 Nbd7 14. f4 Be4
15. O-O b5 16. Be2 g6 17. Ng3 Bf5 18. Bf3 Rh7 19. Bxc6 Rc8 20. Bxb5 Ng4 21. Be2
h5 22. Nxf5 gxf5 23. g3 Ne3 24. Qa4 Nxf1 25. Rxf1 Nb6 26. Qxa7 Nd5 27. Qa3+ Kg8
28. c4 Ra8 29. Qb3 Ne7 30. a3 Nc6 31. Rd1 Nxd4 32. Rxd4 {Caro81 gibt auf}  1-0

[Event "1. OEsterreichische Internet Schach Meisterschaft - Vorrunde 1"]
[Site "Online - Playchess.com"]
[Date ""]
[Round "8"]
[Board "29"]
[White "Schein, Karl-Heinz"]
[Black "Kuecher, Wolfgang"]
[Result "1-0"]
[WhiteElo "2187"]
[BlackElo "2117"]
[PlyCount "85"]
[EventDate "2020.04.11"]
[EventRounds "9"]
[EventCountry "AUT"]

1. e4 g6 2. d4 Bg7 3. Nf3 d6 4. c3 a6 5. Bc4 Nc6 6. O-O e5 7. Be3 Nge7 8. Re1
O-O 9. d5 Nb8 10. Bf1 h6 11. Nfd2 f5 12. f3 f4 13. Bf2 g5 14. c4 Ng6 15. c5 Nd7
16. cxd6 cxd6 17. Na3 Nf6 18. Rc1 h5 19. Nac4 g4 20. Nb6 Rb8 21. Nxc8 Rxc8 22.
Qb3 Qd7 23. Nc4 Qe7 24. Nb6 Rxc1 25. Rxc1 h4 26. fxg4 Nxg4 27. Qf3 Nf6 28. Bd3
Nh7 29. Qh3 Ng5 30. Qg4 Qf6 31. Rc7 h3 32. Nd7 Qd8 33. Nxf8 Kxf8 34. Rd7 Qf6
35. Rxb7 Kg8 36. Qh5 hxg2 37. Rb8+ Bf8 38. h4 Nxh4 39. Bxh4 Nf3+ 40. Qxf3 Qxh4
41. Qxg2+ Kf7 42. Rb7+ Be7 43. Bf1 {Zeit}  1-0

[Event "1. OEsterreichische Internet Schach Meisterschaft - Vorrunde 1"]
[Site "Online - Playchess.com"]
[Date ""]
[Round "8"]
[Board "30"]
[White "Ofner, Maximilian"]
[Black "Knoll, Martin"]
[Result "1/2-1/2"]
[WhiteElo "2177"]
[BlackElo "2018"]
[PlyCount "109"]
[EventDate "2020.04.11"]
[EventRounds "9"]
[EventCountry "AUT"]

1. e4 c6 2. d4 d5 3. Nc3 Nf6 4. e5 Nfd7 5. Nf3 e6 6. Ne2 c5 7. c3 cxd4 8. cxd4
Nc6 9. g3 Bb4+ 10. Bd2 Qa5 11. a3 Bxd2+ 12. Qxd2 Qxd2+ 13. Nxd2 Nb6 14. O-O-O
Bd7 15. Nc3 a6 16. Nb3 Rc8 17. Kb1 Ke7 18. Nc5 Rc7 19. f4 Na5 20. Nxd7 Kxd7 21.
g4 Rhc8 22. f5 Nac4 23. Bxc4 Nxc4 24. fxe6+ fxe6 25. Ne2 Ne3 26. Rc1 Rxc1+ 27.
Nxc1 Rf8 28. h3 Rf4 29. Nb3 b6 30. a4 Nc4 31. Rh2 a5 32. g5 g6 33. h4 Ne3 34.
h5 Nf5 35. hxg6 hxg6 36. Rh7+ Kc6 37. Rh8 Rg4 38. Re8 Kd7 39. Rb8 Nxd4 40. Nxd4
Rxd4 41. Rxb6 Rxa4 42. Rb7+ Kc6 43. Re7 Rg4 44. Rxe6+ Kc5 45. Rxg6 d4 46. e6
Kd6 47. Kc2 Rg3 48. b3 Rc3+ 49. Kd2 Rxb3 50. Rf6 Rg3 51. g6 Ke7 52. Rf4 d3 53.
Ra4 Rxg6 54. Rxa5 Rxe6 55. Kxd3  1/2-1/2

[Event "1. OEsterreichische Internet Schach Meisterschaft - Vorrunde 1"]
[Site "Online - Playchess.com"]
[Date ""]
[Round "8"]
[Board "31"]
[White "Nolz, Tom"]
[Black "Hessenberger, Andreas"]
[Result "1-0"]
[WhiteElo "2157"]
[BlackElo "2019"]
[PlyCount "129"]
[EventDate "2020.04.11"]
[EventRounds "9"]
[EventCountry "AUT"]

1. e4 c5 2. Nc3 Nc6 3. Nf3 e5 4. Bc4 Be7 5. d3 Nf6 6. O-O O-O 7. a3 d6 8. Nd2
Bg4 9. f3 Be6 10. f4 Bxc4 11. Nxc4 exf4 12. Bxf4 a6 13. Ne3 Nd4 14. Ncd5 Nxd5
15. Nxd5 Bg5 16. c3 Ne6 17. Bg3 Nc7 18. Nb6 Ra7 19. a4 Ne6 20. a5 Be3+ 21. Kh1
Nc7 22. Qg4 Bg5 23. Rf5 Be7 24. Raf1 f6 25. h4 Na8 26. Nc4 b5 27. axb6 Nxb6 28.
Ne3 Qc8 29. h5 Rc7 30. Qf3 Qe6 31. Rf4 Rcc8 32. Nf5 Kh8 33. Qg4 Qf7 34. R4f2
Rcd8 35. Ra1 Nd7 36. Rxa6 Ne5 37. Bxe5 dxe5 38. Ra7 Rde8 39. Nd6 Qb3 40. Nxe8
Rxe8 41. h6 g6 42. Rf1 Qb5 43. Qd7 Qxd7 44. Rxd7 Kg8 45. Ra1 Kf7 46. Raa7 Ke6
47. Rxe7+ Rxe7 48. Rxe7+ Kxe7 49. Kg1 Kd6 50. Kf2 Kc6 51. Ke3 Kb5 52. d4 cxd4+
53. cxd4 exd4+ 54. Kxd4 Kc6 55. g4 Kd6 56. b4 Kc6 57. e5 fxe5+ 58. Kxe5 Kd7 59.
Kf6 Kd6 60. Kg7 Ke5 61. Kxh7 Kf4 62. Kxg6 Kxg4 63. h7 Kf4 64. h8=Q Ke3 65. Qe5+
{Hessi75 gibt auf}  1-0

[Event "1. OEsterreichische Internet Schach Meisterschaft - Vorrunde 1"]
[Site "Online - Playchess.com"]
[Date ""]
[Round "8"]
[Board "32"]
[White "Brehovsky, Paul"]
[Black "Lerch, Johannes"]
[Result "0-1"]
[WhiteElo "2149"]
[BlackElo "2005"]
[PlyCount "74"]
[EventDate "2020.04.11"]
[EventRounds "9"]
[EventCountry "AUT"]

1. d4 d5 2. c4 e6 3. Nf3 Nf6 4. Nc3 Be7 5. Bg5 Nbd7 6. e3 O-O 7. Qc2 h6 8. Bh4
b6 9. cxd5 Nxd5 10. Bxe7 Nxe7 11. Qe4 Rb8 12. Bd3 Nf6 13. Qh4 Ned5 14. Ne5 Nxc3
15. bxc3 Bb7 16. O-O Qd5 17. f3 Qd6 18. Qf2 Nd7 19. Nc4 Qe7 20. e4 c5 21. a4
cxd4 22. cxd4 Rfd8 23. Rfd1 Nf6 24. e5 Nd5 25. Nd6 Nc7 26. a5 Ne8 27. axb6 axb6
28. Nb5 Nc7 29. Nd6 Ne8 30. Ne4 Bxe4 31. Bxe4 Nc7 32. Ra7 Rd7 33. Bc6 Rdd8 34.
Rc1 Rbc8 35. Bb7 Rb8 36. Ba6 Rd7 37. Bb5 Nxb5  0-1

[Event "1. OEsterreichische Internet Schach Meisterschaft - Vorrunde 1"]
[Site "Online - Playchess.com"]
[Date ""]
[Round "8"]
[Board "33"]
[White "Holzleithner, Johannes"]
[Black "Bachler, Reinhard"]
[Result "0-1"]
[WhiteElo "1979"]
[BlackElo "2143"]
[PlyCount "128"]
[EventDate "2020.04.11"]
[EventRounds "9"]
[EventCountry "AUT"]

1. e4 c5 2. Be2 Nc6 3. d3 Rb8 4. f4 d6 5. Nf3 b5 6. O-O g6 7. c3 Bg7 8. Be3 b4
9. d4 cxd4 10. cxd4 Nf6 11. e5 Nd5 12. Bf2 Nxf4 13. Bc4 d5 14. Bb3 O-O 15. Be3
Ne6 16. Nbd2 Na5 17. Rc1 Ba6 18. Rf2 Qd7 19. Ba4 Bb5 20. Bxb5 Qxb5 21. Qe2 Qxe2
22. Rxe2 Rfc8 23. Ree1 h6 24. Red1 g5 25. Ne1 Kf8 26. Nd3 Rxc1 27. Rxc1 Ke8 28.
Nc5 Nd8 29. Ndb3 Nc4 30. Bf2 Nxb2 31. Rc2 Nc4 32. Na6 Rb6 33. Nc7+ Kd7 34. Nxd5
Na3 35. Nxb6+ axb6 36. Rd2 Nc4 37. Rc2 Na3 38. Rc1 e6 39. Kf1 Nc6 40. Ke2 Bf8
41. Kd3 Be7 42. Nd2 Bd8 43. Ne4 b5 44. Nd6 f5 45. Nf7 h5 46. Nxd8 Nxd8 47. Be3
f4 48. Bd2 Nc6 49. Rc5 Kc7 50. Bc1 Kb6 51. Bxa3 bxa3 52. Rc3 b4 53. Rb3 Kb5 54.
Ke4 Ne7 55. Kd3 Nd5 56. Rb1 g4 57. Rf1 h4 58. Rf2 g3 59. hxg3 hxg3 60. Rc2 Ka4
61. Kc4 Ne3+ 62. Kd3 Nxc2 63. Kxc2 Kb5 64. Kb3 f3  0-1

[Event "1. OEsterreichische Internet Schach Meisterschaft - Vorrunde 1"]
[Site "Online - Playchess.com"]
[Date ""]
[Round "8"]
[Board "34"]
[White "Kranz, Armin"]
[Black "Wischounig, Laurin"]
[Result "0-1"]
[WhiteElo "2119"]
[BlackElo "1878"]
[PlyCount "46"]
[EventDate "2020.04.11"]
[EventRounds "9"]
[EventCountry "AUT"]

1. d4 d5 2. Nf3 Nf6 3. c4 c6 4. Nc3 a6 5. Ne5 Nbd7 6. e3 e6 7. Be2 Nxe5 8. dxe5
Nd7 9. f4 Be7 10. O-O b5 11. cxb5 cxb5 12. b3 Qb6 13. Rf3 O-O 14. Rh3 f6 15.
Qd3 g6 16. exf6 Nxf6 17. Bb2 e5 18. Rg3 Bf5 19. Qd2 exf4 20. Rf3 fxe3 21. Qd1
d4 22. Nb1 d3 23. Bxd3 e2+  0-1

[Event "1. OEsterreichische Internet Schach Meisterschaft - Vorrunde 1"]
[Site "Online - Playchess.com"]
[Date ""]
[Round "8"]
[Board "35"]
[White "Schloffer, Jasmin-Denise"]
[Black "Breneis, Gerhard"]
[Result "1/2-1/2"]
[WhiteElo "2110"]
[BlackElo "1990"]
[PlyCount "79"]
[EventDate "2020.04.11"]
[EventRounds "9"]
[EventCountry "AUT"]

1. d4 d5 2. c4 e6 3. Nc3 f5 4. g3 c6 5. Bg2 Nf6 6. Nf3 Bd6 7. O-O O-O 8. Ne5
Bxe5 9. dxe5 Ne4 10. Qc2 Nd7 11. f3 Qb6+ 12. e3 Ng5 13. f4 Ne4 14. Na4 Qd8 15.
b3 Re8 16. Ba3 Nb6 17. Nc5 g5 18. Rad1 gxf4 19. exf4 Qc7 20. Nxe4 fxe4 21. Bd6
Qg7 22. a4 Nd7 23. c5 Nf8 24. b4 a6 25. Qb2 Bd7 26. Qe2 Ng6 27. Bh3 Ne7 28. Rb1
Nf5 29. Bxf5 exf5 30. Qh5 Qg6 31. Qxg6+ hxg6 32. Kf2 Kf7 33. Ke3 Rh8 34. h4 Rh5
35. Rh1 Rh7 36. Rh2 Rh5 37. Rhh1 Rh6 38. Rb2 Rh5 39. Rhh2 Rh7 40. Rh1  1/2-1/2

[Event "1. OEsterreichische Internet Schach Meisterschaft - Vorrunde 1"]
[Site "Online - Playchess.com"]
[Date ""]
[Round "8"]
[Board "36"]
[White "Soelkner, Julian"]
[Black "Stolzlechner, Thomas"]
[Result "0-1"]
[WhiteElo "1484"]
[BlackElo "2037"]
[PlyCount "76"]
[EventDate "2020.04.11"]
[EventRounds "9"]
[EventCountry "AUT"]

1. d4 d5 2. c4 c6 3. Nc3 Nf6 4. Nf3 dxc4 5. e4 b5 6. a4 b4 7. Na2 Nxe4 8. Bxc4
e6 9. O-O Nf6 10. Bf4 Be7 11. b3 a5 12. Nc1 Nd5 13. Be5 O-O 14. Ne2 Bf6 15. Bg3
Nd7 16. Qc2 Ba6 17. Rfd1 Rc8 18. Rac1 Bxc4 19. Qxc4 N7b6 20. Qc2 Nd7 21. Bd6
Re8 22. Ng3 Nc3 23. Rd3 Nb6 24. Bc5 Nbd5 25. Ne5 Bxe5 26. dxe5 Qg5 27. Re1 h5
28. Ne4 Qg6 29. Nd6 h4 30. Nxe8 Nf4 31. f3 Nxd3 32. Re3 Nxc5 33. Qxg6 fxg6 34.
Nd6 Rd8 35. Kf2 Nxb3 36. Ke1 Nc5 37. Kd2 Nd5 38. Kc2 Nxe3+ {Julibtw gibt auf}
 0-1

[Event "1. OEsterreichische Internet Schach Meisterschaft - Vorrunde 1"]
[Site "Online - Playchess.com"]
[Date ""]
[Round "8"]
[Board "37"]
[White "Bachner, Karsten"]
[Black "Hofstadler, Mario"]
[Result "1-0"]
[WhiteElo "1997"]
[BlackElo "1867"]
[PlyCount "69"]
[EventDate "2020.04.11"]
[EventRounds "9"]
[EventCountry "AUT"]

1. e4 c6 2. d4 d5 3. Nc3 dxe4 4. Nxe4 Nd7 5. Nf3 Ngf6 6. Nxf6+ Nxf6 7. Bd3 Bg4
8. c3 e6 9. Bf4 Be7 10. Qc2 Bh5 11. O-O-O Bg6 12. Kb1 Qb6 13. Ne5 Nd5 14. Bg3
Bf6 15. Nc4 Qd8 16. Nd6+ Ke7 17. Bxg6 hxg6 18. Nxb7 Qb6 19. Nc5 a5 20. Rhe1
Rhc8 21. a3 Kf8 22. Ka1 Ra7 23. c4 Nb4 24. axb4 axb4+ 25. Kb1 Rca8 26. Qb3 Bxd4
27. Bd6+ Kg8 28. Ne4 Ra1+ 29. Kc2 R1a2 30. c5 Qb5 31. Rxd4 R8a3 32. Qc4 b3+ 33.
Kc3 Qa5+ 34. Qb4 Qxb4+ 35. Rxb4  1-0

[Event "1. OEsterreichische Internet Schach Meisterschaft - Vorrunde 1"]
[Site "Online - Playchess.com"]
[Date ""]
[Round "8"]
[Board "38"]
[White "Schroll, Gerhard"]
[Black "Mira, Helene"]
[Result "1-0"]
[WhiteElo "2321"]
[BlackElo "2082"]
[PlyCount "67"]
[EventDate "2020.04.11"]
[EventRounds "9"]
[EventCountry "AUT"]

1. e4 d6 2. d4 Nf6 3. Nc3 c6 4. f4 Qa5 5. Bd3 e5 6. Nf3 d5 7. fxe5 Nxe4 8. Bd2
Nxd2 9. Qxd2 Be7 10. O-O Qd8 11. Ne2 Nd7 12. Ng3 Nf8 13. Nh5 Ne6 14. c3 O-O 15.
Nf4 Ng5 16. Qc2 h6 17. Nh4 Ne4 18. Nf3 f5 19. exf6 Nxf6 20. Ng6 Re8 21. Nxe7+
Rxe7 22. Ne5 Be6 23. Rf3 Qd6 24. Raf1 Rf8 25. Ng6 Rfe8 26. Nxe7+ Qxe7 27. Bg6
Rf8 28. Re3 Qd6 29. Ref3 Bg4 30. R3f2 Be6 31. h3 c5 32. Qd2 Ne4 33. Rxf8+ Qxf8
34. Rxf8+ {Mira gibt auf}  1-0

[Event "1. OEsterreichische Internet Schach Meisterschaft - Vorrunde 1"]
[Site "Online - Playchess.com"]
[Date ""]
[Round "8"]
[Board "39"]
[White "Pali, Philipp"]
[Black "Riemelmoser, Stefan"]
[Result "1-0"]
[WhiteElo "2245"]
[BlackElo "2046"]
[PlyCount "75"]
[EventDate "2020.04.11"]
[EventRounds "9"]
[EventCountry "AUT"]

1. c4 e6 2. Nf3 d5 3. g3 Nf6 4. Bg2 Be7 5. O-O O-O 6. b3 c5 7. Bb2 dxc4 8. bxc4
Nc6 9. e3 Qc7 10. Nc3 a6 11. Qe2 e5 12. Nd5 Qd6 13. d3 Bg4 14. e4 Nd4 15. Bxd4
cxd4 16. h3 Bxf3 17. Bxf3 Nxd5 18. exd5 f5 19. Rab1 b6 20. a4 Bf6 21. Qd2 Rae8
22. Rfe1 Bd8 23. Qc2 Qg6 24. a5 bxa5 25. c5 Bh4 26. Kg2 Rc8 27. Rxe5 Bf6 28.
Re6 Qf7 29. Rxa6 Bd8 30. d6 f4 31. g4 Kh8 32. c6 Bf6 33. Rxa5 Qe6 34. Qc5 Rfd8
35. d7 Rxd7 36. cxd7 Rxc5 37. Ra8+ Qg8 38. Rbb8  1-0

[Event "1. OEsterreichische Internet Schach Meisterschaft - Vorrunde 1"]
[Site "Online - Playchess.com"]
[Date ""]
[Round "8"]
[Board "40"]
[White "Novkovic, Julia"]
[Black "Horvath, Maria"]
[Result "0-1"]
[WhiteElo "2170"]
[BlackElo "1995"]
[PlyCount "128"]
[EventDate "2020.04.11"]
[EventRounds "9"]
[EventCountry "AUT"]

1. e4 c5 2. Nc3 Nc6 3. Nf3 e5 4. Bc4 Be7 5. a3 Nf6 6. d3 O-O 7. Bg5 h6 8. Bxf6
Bxf6 9. h3 d6 10. g4 Be6 11. Nd5 Nd4 12. c3 Nxf3+ 13. Qxf3 Bxd5 14. Bxd5 Qe7
15. Qg3 Bg5 16. h4 Bf4 17. Qh3 g6 18. Rg1 Kg7 19. Ke2 Rac8 20. c4 a6 21. a4 Rb8
22. Rgb1 b5 23. cxb5 axb5 24. a5 b4 25. a6 Qa7 26. Ra5 Rb6 27. Bb7 Rxb7 28.
axb7 Qxa5 29. g5 Qc7 30. gxh6+ Bxh6 31. h5 Qxb7 32. hxg6 fxg6 33. Rh1 Rh8 34.
Qe6 Qc7 35. Rg1 g5 36. b3 Rf8 37. Rh1 Rf6 38. Qh3 Qf7 39. Rh2 Qg6 40. Qd7+ Rf7
41. Qc8 Qf6 42. Kd2 g4+ 43. Kc2 Qf4 44. Rg2 Qf3 45. Rxg4+ Kf6 46. Qd8+ Re7 47.
Qh8+ Ke6 48. Qg8+ Kd7 49. Rg2 Bf4 50. Qd5 Qxg2 51. Qb7+ Ke6 52. Qd5+ Kf6 53.
Qxd6+ Re6 54. Qd8+ Re7 55. Qd6+ Kf7 56. Qd5+ Kg7 57. Qxc5 Rf7 58. Qd5 Qxf2+ 59.
Kb1 Qe1+ 60. Kc2 Qc3+ 61. Kb1 Qc1+ 62. Ka2 Qa3+ 63. Kb1 Qc1+ 64. Ka2 Ra7+ {
Julka gibt auf}  0-1

[Event "1. OEsterreichische Internet Schach Meisterschaft - Vorrunde 1"]
[Site "Online - Playchess.com"]
[Date ""]
[Round "8"]
[Board "41"]
[White "Glaner, Marcus Franz"]
[Black "Kapferer, Romed"]
[Result "0-1"]
[WhiteElo "1939"]
[BlackElo "2081"]
[PlyCount "58"]
[EventDate "2020.04.11"]
[EventRounds "9"]
[EventCountry "AUT"]

1. e4 c6 2. d4 d5 3. f3 e6 4. Nc3 Nf6 5. Be3 Be7 6. Nge2 O-O 7. Ng3 b6 8. Be2
Bb7 9. O-O c5 10. e5 Nfd7 11. f4 Nc6 12. Bf3 cxd4 13. Bxd4 Nxd4 14. Kh1 Nxf3
15. Qxf3 Qc7 16. Qg4 d4 17. Nce4 Bxe4 18. Nxe4 Qxc2 19. Ng5 Bxg5 20. Qxg5 Rac8
21. h4 d3 22. Rad1 Nc5 23. h5 h6 24. Qg3 Rcd8 25. Qf3 Qe2 26. Qh3 Ne4 27. Qh4
d2 28. g4 Qxf1+ 29. Rxf1 d1=Q {Frzfrz gibt auf}  0-1

[Event "1. OEsterreichische Internet Schach Meisterschaft - Vorrunde 1"]
[Site "Online - Playchess.com"]
[Date ""]
[Round "8"]
[Board "42"]
[White "Guetz, Wolfgang"]
[Black "Rosol, Alexander"]
[Result "0-1"]
[WhiteElo "2078"]
[BlackElo "1933"]
[PlyCount "72"]
[EventDate "2020.04.11"]
[EventRounds "9"]
[EventCountry "AUT"]

1. e4 d6 2. d4 Nf6 3. Nc3 e5 4. Nf3 Nbd7 5. Bg5 Be7 6. Bd3 h6 7. Bxf6 Bxf6 8.
Nd5 exd4 9. O-O c6 10. Nxf6+ Qxf6 11. Bc4 c5 12. b4 O-O 13. bxc5 dxc5 14. Re1
Ne5 15. Nxe5 Qxe5 16. Bd5 Rb8 17. Rb1 b6 18. a4 Bb7 19. Bxb7 Rxb7 20. a5 b5 21.
Qe2 a6 22. Rb3 c4 23. Rg3 Re7 24. Qg4 f5 25. Qg6 Rf6 26. Qh5 fxe4 27. Qg4 Qe6
28. Qh4 d3 29. cxd3 cxd3 30. Rge3 d2 31. Rd1 Qd5 32. Rg3 Qd4 33. Rb3 Rc7 34.
Qg3 Rc1 35. Rb1 Rxb1 36. Qb8+ Kh7 {VarggÃƒÂ¥ng gibt auf}  0-1

[Event "1. OEsterreichische Internet Schach Meisterschaft - Vorrunde 1"]
[Site "Online - Playchess.com"]
[Date ""]
[Round "8"]
[Board "43"]
[White "Putz, Georg"]
[Black "Flir, Emilio"]
[Result "1-0"]
[WhiteElo "2071"]
[BlackElo "1843"]
[PlyCount "127"]
[EventDate "2020.04.11"]
[EventRounds "9"]
[EventCountry "AUT"]

1. c4 Nf6 2. Nc3 e6 3. e4 d5 4. cxd5 exd5 5. e5 Ne4 6. d3 Nxc3 7. bxc3 Be7 8.
Nf3 Be6 9. d4 c5 10. Bd3 cxd4 11. cxd4 Nc6 12. O-O O-O 13. Be3 g6 14. Rb1 Rb8
15. h3 Re8 16. Qb3 b6 17. Bb5 Na5 18. Qa4 Rf8 19. Rbc1 Kg7 20. Rc3 Rc8 21. Rfc1
Rxc3 22. Rxc3 Qb8 23. Ng5 Rc8 24. Rxc8 Qxc8 25. Nxe6+ fxe6 26. Qb3 Nc4 27. Bxc4
dxc4 28. Qc3 b5 29. a3 Qc7 30. f4 a5 31. g4 b4 32. axb4 axb4 33. Qc1 c3 34. f5
exf5 35. gxf5 Kh8 36. f6 Bf8 37. Bf4 Qc4 38. Qe3 c2 39. e6 c1=Q+ 40. Qxc1 Qxe6
41. Be5 Qf7 42. Kf2 h5 43. Kg3 Kh7 44. h4 b3 45. Qb2 Qd5 46. Qc3 Qb7 47. Qb2
Qb5 48. f7 Qd3+ 49. Kf2 Qc2+ 50. Qxc2 bxc2 51. Bf4 Bh6 52. Bxh6 Kxh6 53. f8=Q+
Kh7 54. Qc8 Kg7 55. Qxc2 Kf7 56. Qe4 Kg7 57. Kg3 Kh6 58. Qe5 g5 59. hxg5+ Kh7
60. Qf6 h4+ 61. Kg4 Kg8 62. g6 h3 63. Qf7+ Kh8 64. Qh7#  1-0